000 00453nam a2200181Ia 4500
005 20240913125138.0
008 240913s9999||||xx |||||||||||||| ||und||
041 _aENGLISH
082 _A004,16 N7
100 _aCady,Fredrick M
245 0 _aMicrocontrollers and Microcomputers
250 _a1st
260 _c1997
_bOxford,New York
500 _aREFERENCE
650 _aMicrocontroller
_bInformation Technology
942 _cREF
999 _c244899
_d244899